[Event "Campionato Provinciale di Parma 2017"]
[Site "Salsomaggiore Terme ITA"]
[Date "2017.03.19"]
[Round "5"]
[White "Grillo, Francesco"]
[Black "Gallani, Angelo"]
[Result "1-0"]
[WhiteElo "1774"]
[BlackElo "1337"]


1. d4 d5 2. c4 c6 3. cxd5 cxd5 4. Nf3 Nf6 5. Nc3 Bf5 6. Bf4 e6 7. e3 Nc6 8. Ne5
Nxe5 9. Bxe5 a6 10. Bd3 Bxd3 11. Qxd3 Bd6 12. Bg3 O-O 13. Bxd6 Qxd6 14. h3 Nd7
15. O-O f5 16. Rac1 b5 17. Rc2 Nb6 18. b3 b4 19. Ne2 Rfc8 20. Rfc1 a5 21. Rc5
a4 22. bxa4 Nc4 23. Rxc8+ Rxc8 24. Rc2 Qd7 25. Qb3 Rb8 26. Nf4 Na5 27. Qb1 Nc4
28. Qc1 Rb7 29. Nd3 Ra7 30. Nb2 Nxb2 31. Rxb2 Rc7 32. Qb1 Qxa4 33. Rxb4 Rc1+
34. Qxc1 Qxb4 35. Qc2 Kf7 36. Kf1 Ke7 37. Qc5+ Qxc5 38. dxc5 Kd7 39. f4 Kc6 40.
Ke2 Kxc5 41. Kd3 g6 42. g3 h6 43. h4 Kb4 44. Kd4 Ka3 45. Ke5 Kxa2 46. Kxe6 Kb2
47. Kxd5 Kc3 48. e4 fxe4 49. Kxe4 h5 50. f5 gxf5+ 51. Kxf5 1-0